000 00613nam a2200241Ia 4500
003 OSt
005 20221005131229.0
006 a|||||r|||| 00| 0
007 ta
008 221004b |||||||| |||| 00| 0 eng d
024 _a71479
037 _cTextual
040 _aCRL
_cCRL
_beng
041 _2eng
_aeng
082 _aV3:2:N3, G8
100 _aProsser C W
_9639297
245 0 _aShort constitutional history of England
260 _c1938
650 _aHISTORY
700 _a Sharp Margaret
942 _hV3:2:N3, G8
_cTEXL
_2cc
999 _c1059707
_d1059707